| 000 | 01441cad a22002535a 4500 | ||
|---|---|---|---|
| 001 | E148526 | ||
| 008 | 090929s2009 xxka f 000 0 eng d | ||
| 035 | _a(Sirsi) u148526 | ||
| 041 | 0 | _aeng | |
| 050 | 0 | 4 | _a331.2 $2 18 |
| 110 | 2 |
_aConsumer Focus Scotland _95748 |
|
| 245 | 0 | 0 |
_aCommon repair, common sense _ba short guide to the management of tenements in Scotland _h[electronic resource] |
| 250 | _a2nd ed. | ||
| 260 |
_aGlasgow _bConsumer Focus Scotland _c2009 |
||
| 300 |
_a45p. _bill. _c21cm. |
||
| 505 | 2 | _aIntroduction -- Rights and responsibilities of tenement flat owners -- Managing the tenement -- Managing repairs and building maintenance -- Paying for repairs -- Dealing with difficulties -- Where can we get advice? -- Glossary | |
| 520 | _aSets out the responsibilities of those living in flats with regard to the repair and maintenance of common parts such as roofs, stairs and back greens. Offers advice on getting all residents to act together and discusses relevant property law. A more detailed, online only, guide is also available (see E148527). | ||
| 521 | _aIntroductory | ||
| 590 | _aKA | ||
| 651 | 4 |
_aScotland _y1999- |
|
| 690 | _aPROPERTY-RESIDENTIAL PROPERTY-DOMESTIC RESIDENTIAL PROPERTY-HOUSING-FLATS | ||
| 856 | 4 | 1 |
_uhttps://www.consumerfocus.org.uk/en/content/cms/Scotland/Publications/Consumer_Guides/Consumer_Guides.aspx _zView the guide free of charge at www.consumerfocus.org.uk... |
| 942 | _n0 | ||
| 999 |
_c110085 _d110085 |
||